| 000 | 00617nam a2200241 a 4500 | ||
|---|---|---|---|
| 001 | nice12345678 | ||
| 003 | IN_TiNIC | ||
| 005 | 20260116012016.0 | ||
| 008 | 050524s1977 phia grp 000 0 eng | ||
| 020 |
_a _c146.25 |
||
| 082 | 0 | 0 |
_a221.6 _bROB |
| 100 | _aRobertson, David | ||
| 245 | _aOld Testament and the Literary Critic. | ||
| 260 |
_aPhiladelphia _bFortress Press _c1977 |
||
| 300 | _a87p | ||
| 500 | _aincludes index and biblioraphy | ||
| 505 | 2 | _aBibliography | |
| 650 | _aBible O.T. Criticism & Interpretati | ||
| 700 | 1 | _aRobertson, David | |
| 902 | _bSRS | ||
| 942 | _cBK | ||
| 999 |
_c5268 _d5268 |
||